|
|
|
|
| LEADER |
01370nam a2200301 a 4500 |
| 001 |
3944833 |
| 008 |
100407s1994 enka b 000 0 eng d |
| 010 |
|
|
|a \\\93060420
|
| 020 |
|
|
|a 3775704167
|
| 020 |
|
|
|a 0500341265 :
|c $80.00
|
| 040 |
|
|
|a UkNcU
|c UkNcU
|d Uk
|d MeU
|d DLC
|d BD-DhAAL
|
| 082 |
0 |
0 |
|a 720/.92/2
|2 20
|
| 245 |
0 |
0 |
|a James Stirling, Michael Wilford, and Associates :
|b buildings & projects, 1975-1992 /
|c introduction by Robert Maxwell ; essays by Michael Wilford and Thomas Muirhead.
|
| 260 |
|
|
|a London :
|b Thames & Hudson,
|c 1994.
|
| 300 |
|
|
|a 307 p. :
|b ill. (some col.) ;
|c 24 x 29 cm.
|
| 500 |
|
|
|a Spine title: James Stirling and Michael Wilford, 1975-1992.
|
| 504 |
|
|
|a Includes bibliographical references.
|
| 541 |
1 |
|
|e 00013781
|
| 610 |
2 |
0 |
|a James Stirling, Michael Wilford, and Associates.
|
| 650 |
|
0 |
|a Architecture, Postmodern
|z Great Britain
|x Designs and plans.
|
| 700 |
1 |
|
|a Wilford, Michael,
|d 1938-
|
| 700 |
1 |
|
|a Muirhead, Tom,
|d 1946-
|
| 710 |
2 |
|
|a James Stirling, Michael Wilford, and Associates.
|
| 740 |
0 |
|
|a Buildings & projects, 1975-1992.
|
| 740 |
0 |
|
|a James Stirling and Michael Wilford, 1975-1992.
|
| 852 |
4 |
|
|a Ayesha Abed Library
|j General Shelf
|
| 999 |
|
|
|c 7998
|d 7998
|
| 952 |
|
|
|0 0
|1 0
|2 ddc
|4 0
|6 720_922000000000000_JAM_1994
|7 0
|9 9051
|a BRACUL
|b BRACUL
|c GEN
|d 2010-04-07
|l 5
|m 58
|o 720.922 JAM
|p 3010013781
|r 2021-12-23
|s 2021-12-15
|t 1
|w 2010-04-07
|y BK
|